Представление документа в формате RUSMARC

ПолеНазваниеЗначение
  Тип записи a
  Библиографический уровень m
001 Контрольный номер RU/УГОНБ/EK/37699
005 Дата корректировки 20250520122217.6
010 Индекс ISBN __
a ISBN 5-229-00494-0
d Цена 4 р. 20 к.
9 Тираж 3850 экз.
100 Данные общей обработки __
a Данные общей обработки 19910605d1991 u u0rusy0189 ca
101 Язык документа 0_
a Язык текста rus
102 Страна публикации __
a Страна публикации RU
105 Кодированные данные (монография) __
a Кодированные данные (монография) a z 001yy
200 Заглавие и сведения об ответственности 1_
a Заглавие Порошковое материаловедение
f Первые сведения об ответственности Р.А. Андриевский
210 Выходные данные 1_
a Место издания Москва
c Издательство Металлургия
d Дата издания 1991
215 Физическое описание __
a Объем 207 с.
c Иллюстрации/тип воспроизводства ил.
d Формат 21 см
320 Библиография __
a Библиография Библиогр.: с. 195-204
606 Тематические рубрики 0_
a Основная рубрика Металлические порошки
606 Тематические рубрики 0_
a Основная рубрика Спеченные материалы
610 Ключевые слова 0_
a Ключевые слова металлургия
610 Ключевые слова 0_
a Ключевые слова порошки металлические
610 Ключевые слова 0_
a Ключевые слова материаловедение порошковое
686 Индексы других классификаций __
a Классификационный индекс 34.39
2 Код системы rubbk
700 Автор _1
a Фамилия Андриевский
b Имя (инициалы) Р.А.
g Полное личное имя Ростислав Александрович
801 Источник записи _0
a Страна RU
b Организация Ульяновская ОНБ
c Дата составления 19910605
g Правила каталогизации PSBO
801 Источник записи _1
a Страна RU
b Организация Ульяновская ОНБ
c Дата составления 20070914
901 Тип документа __
t Тип документа m
938 Служебная информация __
a Имя БД books
b Имя библиотеки УОНБ
c Имя АИБС МАРК-SQL
d Номер DOC_ID в БД 143444